| 000 | 00777cam a2200289La 4500 | ||
|---|---|---|---|
| 001 | 92771 | ||
| 005 | 20230410130935.0 | ||
| 008 | 990731s1986 sp 000 0 spa d | ||
| 035 | _a(OCoLC)ocn600761558 | ||
| 040 |
_aSzZUIDS _bger _cCHVBK |
||
| 020 | _a8432205427 | ||
| 020 | _a9788432205422 | ||
| 029 | 0 |
_aCHVBK _b024796867 |
|
| 029 | 1 |
_aCHVBK _b011157917 |
|
| 035 | _a(OCoLC)600761558 | ||
| 049 | _aGRAL | ||
| 050 | 1 | 4 |
_aPQ 8498.32 _bV297q 1986 |
| 100 | 1 |
_aVargas Llosa, Mario, _d1936- |
|
| 245 | 1 | 0 |
_aQuién mató a Palomino Molero? / _cMario Vargas Llosa. |
| 260 |
_aBarcelona : _bSeix Barral, _c1986. |
||
| 300 |
_a189 p. ; _c20 cm. |
||
| 440 | 0 | _aBiblioteca breve | |
| 650 | 4 | _aLiteratura peruana | |
| 942 |
_2lcc _cbk |
||
| 994 |
_aC0 _bDRFGD |
||
| 946 | _anc | ||
| 999 |
_c83159 _d83159 |
||